000 00348nam a22001337a 4500
020 _qPB.
040 _cFIZZA ISHAQ
082 _a338.973
_bDON
100 _a Donovan , John C.
_9133844
245 _aThe politics of poverty /
_cJohn C Donovan.
260 _aNew York:
_b‎ Pegasus,
_c1967.
300 _a157 P. ;
_c8 X 5.3 inches
942 _2ddc
_cBK
999 _c616823
_d616823